000 00450nam a2200145Ia 4500
008 210210b1996 xxu||||| |||| 00| 0 eng d
020 _a81 7020 693 6
082 _a320.954 SHAA
100 _aSHASHI REKHA (P).
245 _aAncient indian administration with special reference to arthasastra, manu and yajnavalkya.
260 _aIndia
_bCosmo publications
_c1996
300 _ax,232
690 _aPolitical Situation & Condition
906 _a054278
999 _c102275
_d102275